Statistics for Parks and Recreation Characters!

Click here to take the quiz!

General Stats

  • This quiz has been taken 1,185 times
  • The average score is 8 of 12

Answer Stats

HintAnswer% Correct
Andy DwyerChris Pratt
92%
Leslie KnopeAmy Poehler
91%
Ann PerkinsRashida Jones
86%
Tom HaverfordAziz Ansari
80%
Chris TraegerRob Lowe
80%
Ron SwansonNick Offerman
77%
April LudgateAubrey Plaza
72%
Ben WyattAdam Scott
71%
Donna MeagleRetta
61%
Jerry GergichJim O'Heir
33%
Jean-RalphioBen Schwartz
28%
Mark BrendanawiczPaul Schneider
23%

Score Distribution

Percentile by Number Answered

Percent of People with Each Score

Your Score History

You have not taken this quiz